ARRUPE JESUIT UNIVERSITY

CORONAVIRUS -STOP THE SPREAD - CLEAN,DISINFECT,COVER

Before religion : (Record no. 125516)

MARC details
000 -LEADER
fixed length control field 01032cam a2200337 a 4500
001 - CONTROL NUMBER
control field 10130028
003 - CONTROL NUMBER IDENTIFIER
control field ARRUPE
005 - DATE AND TIME OF LATEST TRANSACTION
control field 20161017104510.0
008 - FIXED-LENGTH DATA ELEMENTS--GENERAL INFORMATION
fixed length control field 120521s2013 ctu b 001 0 eng
010 ## - LIBRARY OF CONGRESS CONTROL NUMBER
LC control number 2012020811
020 ## - INTERNATIONAL STANDARD BOOK NUMBER
International Standard Book Number 9780300154160 (alk. paper)
020 ## - INTERNATIONAL STANDARD BOOK NUMBER
International Standard Book Number 030015416X (alk. paper)
024 ## - OTHER STANDARD IDENTIFIER
Standard number or code 40021757158
035 ## - SYSTEM CONTROL NUMBER
System control number (OCoLC)785865186
Canceled/invalid control number (OCoLC)810947219
035 ## - SYSTEM CONTROL NUMBER
System control number (OCoLC)ocn785865186
035 ## - SYSTEM CONTROL NUMBER
System control number (NNC)10130028
040 ## - CATALOGING SOURCE
Original cataloging agency DLC
Language of cataloging eng
Transcribing agency DLC
Modifying agency YDX
-- BTCTA
-- OCLCO
-- YDXCP
-- UKMGB
-- BDX
042 ## - AUTHENTICATION CODE
Authentication code pcc
050 00 - LIBRARY OF CONGRESS CALL NUMBER
Classification number BL430
Item number .N57 2012
082 00 - DEWEY DECIMAL CLASSIFICATION NUMBER
Classification number 200.9
Edition number 23
300 ## - PHYSICAL DESCRIPTION
Dimensions 22 cm.
100 1# - MAIN ENTRY--PERSONAL NAME
Personal name Nongbri, Brent,
Dates associated with a name 1977-
9 (RLIN) 26762
245 10 - TITLE STATEMENT
Title Before religion :
Remainder of title a history of a modern concept /
Statement of responsibility, etc Brent Nongbri.
260 ## - PUBLICATION, DISTRIBUTION, ETC. (IMPRINT)
Place of publication, distribution, etc New Haven :
Name of publisher, distributor, etc Yale University Press,
Date of publication, distribution, etc c2013.
300 ## - PHYSICAL DESCRIPTION
Extent ix, 275 p.;
504 ## - BIBLIOGRAPHY, ETC. NOTE
Bibliography, etc Includes bibliographical references and index.
650 #0 - SUBJECT ADDED ENTRY--TOPICAL TERM
Topical term or geographic name as entry element Religion
General subdivision History.
9 (RLIN) 11184
942 ## - ADDED ENTRY ELEMENTS (KOHA)
Source of classification or shelving scheme Library of Congress Classification
Koha item type Monograph ( Printed materials)
948 1# - LOCAL PROCESSING INFORMATION (OCLC); SERIES PART DESIGNATOR (RLIN)
Series part designator, SPT (RLIN) 20130112
b (OCLC) c
c (OCLC) ybp21
d (OCLC) MPS
949 ## - LOCAL PROCESSING INFORMATION (OCLC)
i 0073184381
Holdings
Withdrawn status Lost status Source of classification or shelving scheme Damaged status Not for loan Collection code Home library Current library Shelving location Date acquired Total Checkouts Full call number Barcode Date last seen Date checked out Price effective from Koha item type
    Library of Congress Classification     Main Collection ARRUPE LIBRARY ARRUPE LIBRARY Main Collection 17/10/2016 2 BL430.N57 2012 46500020800 22/02/2017 19/01/2017 17/10/2016 Monograph ( Printed materials)

 

Arrupe Library. PO Box MP320 Mt Pleasant, Harare, Zimbabwe
263 242 745411|librarian@aju.ac.zw